[Event "Primorsky Debut 2014"]
[Site "Vladivostok RUS"]
[Date "2014.07.21"]
[Round "1.1"]
[White "Grachev, Boris"]
[Black "Chuhachev, Vladimir"]
[Result "1-0"]
[WhiteTitle "GM"]
[WhiteElo "2672"]
[BlackElo "2165"]
[WhiteFideId "4129199"]
[BlackFideId "4142330"]
[EventDate "2014.07.21"]

1. d4 Nf6 2. c4 c5 3. d5 e6 4. Nc3 exd5 5. cxd5 d6 6. Nf3 g6 7. Nd2 Bg7 8. Nc4
O-O 9. Bf4 Ne8 10. Qd2 Na6 11. g3 Nac7 12. Bg2 b5 13. Na5 b4 14. Nd1 Ba6 15. O-O
f5 16. a3 bxa3 17. Rxa3 Nf6 18. Nc3 Qd7 19. Nc6 Bc4 20. b3 Bb5 21. Nxa7 Nh5 22.
Ncxb5 Nxb5 23. Nxb5 Nxf4 24. Qxf4 Qxb5 25. Rxa8 Rxa8 26. Qxd6 Qxe2 27. Qxc5 Qd2
28. d6 Rd8 29. Bd5+ Kh8 30. d7 Bd4 31. Qc6 f4 32. Qd6 fxg3 33. hxg3 Qg5 34. Re1 1-0

[Event "Primorsky Debut 2014"]
[Site "Vladivostok RUS"]
[Date "2014.07.21"]
[Round "1.2"]
[White "Biryukov, Mikhail"]
[Black "Inarkiev, Ernesto"]
[Result "0-1"]
[WhiteTitle "FM"]
[BlackTitle "GM"]
[WhiteElo "2157"]
[BlackElo "2666"]
[WhiteFideId "24100498"]
[BlackFideId "4162722"]
[EventDate "2014.07.21"]

1. e4 c5 2. Nf3 d6 3. Bb5+ Nc6 4. O-O Bd7 5. Re1 a6 6. Bxc6 Bxc6 7. c3 Nf6 8. d4
Bxe4 9. Bg5 d5 10. dxc5 e6 11. b4 Be7 12. Nbd2 Bg6 13. Ne5 O-O 14. Nxg6 hxg6 15.
Nb3 b6 16. cxb6 Qxb6 17. Be3 Qc7 18. Nc5 Rfd8 19. f3 Bd6 20. g3 Nd7 21. Nxd7
Rxd7 22. Rc1 Rc8 23. f4 Qb7 24. Bd4 Rc4 25. a3 Bc7 26. Qd3 Bb6 27. Qe3 Rd6 28.
Red1 Qc7 29. Qe5 Bxd4+ 30. Rxd4 Rxc3 31. Rxc3 Qxc3 32. Qxd6 Qxd4+ 33. Kg2 Qe4+
34. Kf2 Qc2+ 35. Kg1 Qd1+ 36. Kf2 Qd2+ 37. Kg1 Qe1+ 38. Kg2 Qe2+ 39. Kg1 Kh7 40.
Qe7 f6 41. Qd6 Qe3+ 42. Kf1 d4 0-1

[Event "Primorsky Debut 2014"]
[Site "Vladivostok RUS"]
[Date "2014.07.21"]
[Round "1.3"]
[White "Timofeev, Artyom"]
[Black "Feduk, Viktor"]
[Result "1-0"]
[WhiteTitle "GM"]
[WhiteElo "2597"]
[BlackElo "2156"]
[WhiteFideId "4140419"]
[BlackFideId "4173368"]
[EventDate "2014.07.21"]

1. d4 d5 2. c4 c6 3. Nf3 Nf6 4. Nc3 e6 5. Bg5 Nbd7 6. e3 Be7 7. Bd3 O-O 8. O-O
b6 9. cxd5 cxd5 10. Ne5 Bb7 11. f4 Ne4 12. Bxe7 Qxe7 13. Bxe4 dxe4 14. Qa4 Rfd8
15. Rac1 f6 16. Nc6 Bxc6 17. Qxc6 f5 18. Nb5 Nf8 19. Na3 Qd7 20. Kf2 Qd5 21.
Qxd5 Rxd5 22. Rc6 Kf7 23. Nc4 Ke7 24. Rc1 Nd7 25. h3 g6 26. Rc3 b5 27. Ne5 Nxe5
28. fxe5 Rdd8 29. R3c5 a6 30. Rb6 Rac8 31. b4 h5 32. h4 a5 33. Rb7+ Rd7 34.
Rbxb5 Rxc5 35. bxc5 Ra7 36. a4 Kd7 37. Rb6 Ke7 38. Kg3 Kd7 39. Kf4 Ra8 40. Kg5
Rc8 41. g3 Rf8 42. Rd6+ Ke7 43. Ra6 Rb8 44. Rb6 1-0

[Event "Primorsky Debut 2014"]
[Site "Vladivostok RUS"]
[Date "2014.07.21"]
[Round "1.4"]
[White "Kilbienep, Zakhar"]
[Black "Belous, Vladimir"]
[Result "0-1"]
[BlackTitle "GM"]
[WhiteElo "2147"]
[BlackElo "2584"]
[WhiteFideId "44148887"]
[BlackFideId "4174003"]
[EventDate "2014.07.21"]

1. d4 Nf6 2. Nf3 g6 3. Nc3 d5 4. Bg5 Bg7 5. Bxf6 exf6 6. e3 O-O 7. Bd3 c6 8. h4
Re8 9. h5 Bg4 10. hxg6 hxg6 11. Qd2 c5 12. Bb5 Nc6 13. Bxc6 bxc6 14. Ne2 cxd4
15. exd4 Qb6 16. O-O-O Rab8 17. b3 c5 18. Nc3 Qb4 19. Nxd5 Qa3+ 20. Kb1 Bf5 21.
Qc3 c4 22. Qb2 Qa5 23. Ne3 Rxe3 24. fxe3 Bf8 25. Nd2 c3 26. Nc4 Qb4 27. a3 Qxc4 0-1

[Event "Primorsky Debut 2014"]
[Site "Vladivostok RUS"]
[Date "2014.07.21"]
[Round "1.5"]
[White "Danin, Alexandre"]
[Black "Zherebtsova, Alexandra"]
[Result "1-0"]
[WhiteTitle "GM"]
[BlackTitle "WFM"]
[WhiteElo "2572"]
[BlackElo "2146"]
[WhiteFideId "4144031"]
[BlackFideId "24129518"]
[EventDate "2014.07.21"]

1. e4 e5 2. Nf3 Nc6 3. d4 exd4 4. Nxd4 Bc5 5. Nb3 Bb6 6. Nc3 Qf6 7. Qe2 Nge7 8.
Be3 O-O 9. O-O-O d6 10. g3 Be6 11. Bg2 Rfe8 12. Rhe1 Qg6 13. Kb1 Ne5 14. f3 Bc4
15. Qf2 Kh8 16. h3 Bxe3 17. Rxe3 Ba6 18. f4 Nc4 19. Ree1 f5 20. Nd4 c5 21. Nxf5
Nxf5 22. exf5 Qxf5 23. Nd5 Qf7 24. Kc1 Rad8 25. Rxe8+ Rxe8 26. Re1 Bb5 27. Rxe8+
Bxe8 28. Qe2 Nb6 29. Nxb6 axb6 30. Bd5 Qd7 31. Bxb7 Bf7 32. Bg2 g6 33. a3 Kg7
34. Qe3 h5 35. Qc3+ Kh7 36. Qf6 Kg8 37. Kd2 b5 38. Ke3 Qe8+ 39. Kf2 Qd7 40. Kg1
d5 41. Qe5 Kh7 42. Kh2 Kg8 43. Bf3 Qf5 44. Qxf5 gxf5 45. c3 Kf8 46. Kg2 Ke7 47.
Kf2 Kd6 48. Ke3 Bg6 49. Be2 Be8 50. b4 c4 51. Bf3 Bg6 52. Bd1 Be8 53. Kd4 h4 54.
gxh4 Bf7 55. Bc2 Bg6 56. a4 bxa4 57. Bxa4 Bf7 58. Bc2 Bg6 59. h5 1-0

[Event "Primorsky Debut 2014"]
[Site "Vladivostok RUS"]
[Date "2014.07.21"]
[Round "1.6"]
[White "Zheltov, Roman"]
[Black "Bocharov, Dmitry"]
[Result "0-1"]
[BlackTitle "GM"]
[WhiteElo "2125"]
[BlackElo "2560"]
[WhiteFideId "34119970"]
[BlackFideId "4138716"]
[EventDate "2014.07.21"]

1. d4 Nf6 2. Bg5 e6 3. Nf3 h6 4. Bf4 c5 5. c3 Nc6 6. e3 Nh5 7. Bg3 Nxg3 8. hxg3
d5 9. Nbd2 Bd7 10. Bd3 Bd6 11. Rc1 Qf6 12. dxc5 Bxc5 13. e4 Bb6 14. exd5 exd5
15. Nb3 O-O 16. O-O Rfe8 17. Bb1 Bg4 18. Qd3 g6 19. Nbd4 Re7 20. a3 Rae8 21. Ba2
Nxd4 22. Nxd4 Be2 23. Nxe2 Rxe2 24. Bxd5 Bxf2+ 25. Kh2 R8e5 26. Bf3 Qg5 27. Rxf2
Rxf2 28. Rd1 Rxb2 29. Qd6 Kg7 30. Rd4 Re1 31. Rd5 Rbb1 0-1

[Event "Primorsky Debut 2014"]
[Site "Vladivostok RUS"]
[Date "2014.07.21"]
[Round "1.7"]
[White "Ovetchkin, Roman"]
[Black "Belyi, Vladimir"]
[Result "1-0"]
[WhiteTitle "GM"]
[BlackTitle "FM"]
[WhiteElo "2521"]
[BlackElo "2008"]
[WhiteFideId "4119991"]
[BlackFideId "24109754"]
[EventDate "2014.07.21"]

1. e4 d6 2. d4 Nf6 3. Nc3 g6 4. g3 Bg7 5. Bg2 O-O 6. Nge2 c6 7. O-O Nbd7 8. a4
a5 9. h3 Qc7 10. Be3 h6 11. Qd2 Kh7 12. f4 e5 13. g4 Nb6 14. b3 Rd8 15. Rad1
exd4 16. Bxd4 c5 17. Bf2 Qe7 18. Bxc5 1-0

[Event "Primorsky Debut 2014"]
[Site "Vladivostok RUS"]
[Date "2014.07.21"]
[Round "1.8"]
[White "Khokhlova, Daria"]
[Black "Deviatkin, Andrei"]
[Result "0-1"]
[BlackTitle "GM"]
[WhiteElo "2007"]
[BlackElo "2512"]
[WhiteFideId "24182729"]
[BlackFideId "4121260"]
[EventDate "2014.07.21"]

1. d4 d5 2. c4 c6 3. Nf3 Nf6 4. e3 Bf5 5. Nc3 e6 6. Nh4 Be4 7. f3 Bg6 8. Qb3 Qc7
9. Bd2 Nbd7 10. cxd5 exd5 11. g3 Be7 12. O-O-O Qb6 13. Nxg6 Qxb3 14. axb3 hxg6
15. Be2 Bb4 16. Kc2 a5 17. Bd3 Nf8 18. Rde1 Ne6 19. h4 O-O-O 20. g4 c5 21. Ne2
b6 22. Bc3 Kb7 23. Kd2 Rde8 24. Reg1 Re7 25. f4 cxd4 26. exd4 Nd8 27. f5 Ne4+
28. Kc2 Nf2 29. Rh2 Nxd3 30. Kxd3 Bd6 31. Rh3 gxf5 32. gxf5 f6 33. h5 Rhe8 34.
Rg2 Nc6 35. h6 gxh6 36. Ng1 Bf4 37. Rg6 Re3+ 38. Kc2 Rf8 39. Rxe3 Bxe3 40. Kd3
Bf4 41. Ne2 Bg5 42. Bd2 Nb4+ 43. Bxb4 axb4 44. Ng3 Re8 45. Nh5 Re3+ 46. Kc2 Re2+
47. Kb1 Rf2 48. Nxf6 Rxf5 49. Nd7 Rf1+ 50. Ka2 Rf4 51. Nxb6 Rxd4 52. Na4 Kc7 53.
Nc5 Rg4 54. Ne6+ Kd7 55. Nc5+ Ke7 56. Re6+ Kf7 57. Re5 Rd4 58. Na6 Bf6 59. Re2
h5 60. Kb1 h4 61. Rh2 Be5 62. Re2 Bd6 63. Re3 Kf6 0-1

[Event "Primorsky Debut 2014"]
[Site "Vladivostok RUS"]
[Date "2014.07.21"]
[Round "1.9"]
[White "Kabanov, Nikolai"]
[Black "Snetkov, Ivan"]
[Result "1-0"]
[WhiteTitle "GM"]
[WhiteElo "2496"]
[BlackElo "1986"]
[WhiteFideId "4127820"]
[BlackFideId "24176443"]
[EventDate "2014.07.21"]

1. e4 c5 2. Nc3 Nc6 3. Bb5 Nd4 4. Bc4 a6 5. a4 d6 6. Nge2 Nf6 7. d3 Bg4 8. f3
Bd7 9. Nxd4 cxd4 10. Ne2 d5 11. Bb3 e5 12. O-O dxe4 13. fxe4 Be7 14. Ng3 O-O 15.
Nf5 Be6 16. Qf3 Ne8 17. Qh5 Bf6 18. Bd2 a5 19. Rf3 g6 20. Qh6 Ng7 21. Rh3 Nh5
22. Rxh5 gxh5 23. Bg5 Bxf5 24. Bxf6 1-0

[Event "Primorsky Debut 2014"]
[Site "Vladivostok RUS"]
[Date "2014.07.21"]
[Round "1.10"]
[White "Pats, Vladimir"]
[Black "Gritsenko, Andrey"]
[Result "0-1"]
[BlackTitle "IM"]
[WhiteElo "1937"]
[BlackElo "2403"]
[WhiteFideId "24147460"]
[BlackFideId "4197933"]
[EventDate "2014.07.21"]

1. b4 d5 2. Bb2 Nf6 3. b5 Bf5 4. e3 Nbd7 5. Nf3 e6 6. Be2 Bd6 7. a4 e5 8. c4 O-O
9. O-O Qe7 10. h3 e4 11. Nh2 c6 12. f4 exf3 13. Nxf3 dxc4 14. bxc6 bxc6 15. Bxc4
Rab8 16. Qc1 Be4 17. Be2 Nc5 18. Ra3 Nb3 19. Qc3 Bd5 20. Bd1 Bxa3 21. Bxa3 c5
22. d4 Ne4 23. Qe1 Qe6 24. Nc3 Nxc3 25. Qxc3 Rfe8 26. Re1 Bxf3 27. Bxf3 cxd4 28.
Qd3 dxe3 29. Bb2 Nc5 30. Qd4 Rxb2 31. Qxb2 Nd3 32. Qb1 Nxe1 33. Qxe1 e2 34. a5
Qe3+ 35. Kh2 Qf4+ 36. Kg1 Qd4+ 37. Kh1 Qd1 0-1

[Event "Primorsky Debut 2014"]
[Site "Vladivostok RUS"]
[Date "2014.07.22"]
[Round "2.1"]
[White "Gritsenko, Andrey"]
[Black "Grachev, Boris"]
[Result "0-1"]
[WhiteTitle "IM"]
[BlackTitle "GM"]
[WhiteElo "2403"]
[BlackElo "2672"]
[WhiteFideId "4197933"]
[BlackFideId "4129199"]
[EventDate "2014.07.21"]

1. d4 Nf6 2. c4 e6 3. g3 Bb4+ 4. Bd2 a5 5. Bg2 O-O 6. Nf3 d5 7. Qc2 Be7 8. O-O
c6 9. Bg5 Nbd7 10. Nbd2 b6 11. e4 h6 12. Bxf6 Nxf6 13. Ne5 Bb7 14. exd5 cxd5 15.
cxd5 Nxd5 16. Nc6 Rc8 17. Bxd5 exd5 18. Nxe7+ Qxe7 19. Qd3 Rfe8 20. Nf3 Qe4 21.
Qa3 Ba6 22. Rfc1 Be2 23. Ne5 Rxc1+ 24. Rxc1 Qxd4 25. Nc6 Qe4 26. Qc3 Bg4 0-1

[Event "Primorsky Debut 2014"]
[Site "Vladivostok RUS"]
[Date "2014.07.22"]
[Round "2.2"]
[White "Inarkiev, Ernesto"]
[Black "Ivanov, Mikhail M"]
[Result "1-0"]
[WhiteTitle "GM"]
[BlackTitle "GM"]
[WhiteElo "2666"]
[BlackElo "2392"]
[WhiteFideId "4162722"]
[BlackFideId "4114906"]
[EventDate "2014.07.21"]

1. e4 c6 2. d4 d5 3. e5 Bf5 4. Nf3 e6 5. Be2 Ne7 6. O-O h6 7. Nbd2 Nd7 8. Nb3
Bg6 9. Bd2 Nf5 10. c4 dxc4 11. Na5 Rb8 12. Nxc4 Nb6 13. Ba5 Bh5 14. Ncd2 Be7 15.
h3 Nh4 16. Nxh4 Bxe2 17. Qxe2 Bxh4 18. Nc4 O-O 19. Rfd1 f5 20. Rac1 Rf7 21. Bxb6
axb6 22. Nd6 Bg5 23. Nxf7 Kxf7 24. Ra1 Ra8 25. a4 Ra5 26. Ra3 Rd5 27. Rad3 Be7
28. Qh5+ Kg8 29. Qg6 Qd7 30. g4 fxg4 31. hxg4 b5 32. axb5 Rxb5 33. Ra1 Qc8 34.
Rf3 1-0

[Event "Primorsky Debut 2014"]
[Site "Vladivostok RUS"]
[Date "2014.07.22"]
[Round "2.3"]
[White "Guseva, Marina"]
[Black "Timofeev, Artyom"]
[Result "1/2-1/2"]
[WhiteTitle "IM"]
[BlackTitle "GM"]
[WhiteElo "2362"]
[BlackElo "2597"]
[WhiteFideId "4149351"]
[BlackFideId "4140419"]
[EventDate "2014.07.21"]

1. d4 Nf6 2. c4 g6 3. Nc3 d5 4. Nf3 Bg7 5. e3 O-O 6. Bd2 e6 7. Rc1 Qe7 8. a3 Rd8
9. Qc2 c5 10. dxc5 Qxc5 11. cxd5 exd5 12. Bd3 Nc6 13. Ne2 Qxc2 14. Rxc2 Ne4 15.
Ned4 Nxd2 16. Kxd2 Bd7 17. Rhc1 Rac8 18. b4 Kf8 19. Rc5 Be8 20. Nxc6 Rxc6 21.
Rxc6 Bxc6 22. Nd4 Bxd4 23. exd4 Ke7 24. h4 h6 25. g3 Kd6 26. Re1 Bd7 27. Re5 a5
28. bxa5 Ra8 29. a6 bxa6 30. Re1 Rb8 31. Rb1 Rxb1 32. Bxb1 g5 33. hxg5 hxg5 34.
Bd3 a5 35. Ke3 f6 36. f4 Bg4 37. fxg5 fxg5 38. Bb5 Bd1 39. Be2 Bxe2 40. Kxe2 Ke6
41. g4 Kd6 1/2-1/2

[Event "Primorsky Debut 2014"]
[Site "Vladivostok RUS"]
[Date "2014.07.22"]
[Round "2.4"]
[White "Belous, Vladimir"]
[Black "Korniushin, Nikolay"]
[Result "1-0"]
[WhiteTitle "GM"]
[BlackTitle "IM"]
[WhiteElo "2584"]
[BlackElo "2339"]
[WhiteFideId "4174003"]
[BlackFideId "4123808"]
[EventDate "2014.07.21"]

1. d4 Nf6 2. Nf3 d6 3. c4 Nbd7 4. Nc3 e5 5. g3 Be7 6. Bg2 O-O 7. O-O c6 8. Qc2
Qc7 9. h3 Re8 10. e4 Bf8 11. Be3 a6 12. Rac1 b6 13. d5 c5 14. Rb1 g6 15. b4 Bb7
16. Nd2 Reb8 17. a3 Bc8 18. Qd3 cxb4 19. axb4 a5 20. bxa5 Rxa5 21. Nb3 Raa8 22.
Nb5 Qd8 23. Ra1 Nc5 24. Nxc5 bxc5 25. Kh2 Ne8 26. Rxa8 Rxa8 27. f4 Bg7 28. f5
Bf6 29. Qd2 Bd7 30. Qf2 Bxb5 31. cxb5 Ra7 32. fxg6 hxg6 33. h4 Kg7 34. Bh3 Rb7
35. h5 Bg5 36. Bxg5 Qxg5 37. Bc8 1-0

[Event "Primorsky Debut 2014"]
[Site "Vladivostok RUS"]
[Date "2014.07.22"]
[Round "2.5"]
[White "Yanchenko, Roman"]
[Black "Danin, Alexandre"]
[Result "1/2-1/2"]
[WhiteTitle "FM"]
[BlackTitle "GM"]
[WhiteElo "2311"]
[BlackElo "2572"]
[WhiteFideId "4137329"]
[BlackFideId "4144031"]
[EventDate "2014.07.21"]

1. d4 Nf6 2. c4 g6 3. Nc3 d5 4. Bf4 Bg7 5. e3 c5 6. dxc5 Qa5 7. cxd5 O-O 8. Qd2
Nbd7 9. a3 Nxc5 10. Bc4 Qb6 11. f3 Bd7 12. Nge2 Rfc8 13. Rc1 Ne8 14. b4 Na4 15.
Nxa4 Bxa4 16. O-O Nd6 17. Bd3 Bb3 18. Rxc8+ Rxc8 19. Rc1 Rxc1+ 20. Nxc1 Bxd5 21.
Bxg6 hxg6 22. Qxd5 e5 23. Bg5 Bf6 24. Bxf6 Qxe3+ 25. Kf1 Qxc1+ 26. Kf2 Qc2+ 27.
Ke1 Qc1+ 28. Kf2 Qc2+ 29. Ke1 Qc1+ 1/2-1/2

[Event "Primorsky Debut 2014"]
[Site "Vladivostok RUS"]
[Date "2014.07.22"]
[Round "2.6"]
[White "Bocharov, Dmitry"]
[Black "Tugarin, Anton"]
[Result "1-0"]
[WhiteTitle "GM"]
[WhiteElo "2560"]
[BlackElo "2234"]
[WhiteFideId "4138716"]
[BlackFideId "24151246"]
[EventDate "2014.07.21"]

1. c4 c6 2. Nf3 d5 3. g3 Bg4 4. Bg2 e6 5. O-O Nd7 6. cxd5 exd5 7. h3 Bh5 8. d3
Ngf6 9. e4 dxe4 10. dxe4 Nc5 11. Nc3 Be7 12. e5 Qxd1 13. Rxd1 Nfd7 14. g4 Bg6
15. Nd4 Ne6 16. Nf5 Bxf5 17. gxf5 Nc7 18. Bf4 O-O-O 19. Ne4 Nd5 20. Rxd5 cxd5
21. Rc1+ Kb8 22. f6 dxe4 23. fxe7 Rc8 24. e6+ 1-0

[Event "Primorsky Debut 2014"]
[Site "Vladivostok RUS"]
[Date "2014.07.22"]
[Round "2.7"]
[White "Pavlovskiy, Mikhail"]
[Black "Ovetchkin, Roman"]
[Result "0-1"]
[BlackTitle "GM"]
[WhiteElo "2254"]
[BlackElo "2521"]
[WhiteFideId "24116530"]
[BlackFideId "4119991"]
[EventDate "2014.07.21"]

1. e4 c6 2. d4 d5 3. Nd2 dxe4 4. Nxe4 Bf5 5. Ng3 Bg6 6. Nf3 Nd7 7. Bd3 e6 8. O-O
Ngf6 9. c4 Be7 10. b3 a5 11. Bb2 O-O 12. Bxg6 hxg6 13. Qc2 a4 14. Bc3 Qc7 15.
Rfe1 b5 16. Qd2 Rfd8 17. cxb5 cxb5 18. Bb4 Bxb4 19. Qxb4 Qb6 20. bxa4 Rxa4 21.
Qb3 Qa5 22. Rab1 Rb8 23. Re2 Nd5 24. Rc1 Ra3 25. Qb2 Nc3 26. Rec2 b4 27. Ra1 Ra8
28. Ne1 Nb6 29. Rcc1 Nc4 30. Qc2 b3 31. Qxc3 Qxc3 32. Rxc3 b2 33. Rxa3 Nxa3 34.
Rd1 b1=Q 35. Rxb1 Nxb1 36. Nf3 Rxa2 37. h3 Nd2 38. Ne5 Ra4 39. Nc6 Rc4 40. d5
Kf8 41. Ne5 Rc1+ 42. Kh2 exd5 0-1

[Event "Primorsky Debut 2014"]
[Site "Vladivostok RUS"]
[Date "2014.07.22"]
[Round "2.8"]
[White "Deviatkin, Andrei"]
[Black "Vitinik, Mikhail"]
[Result "1-0"]
[WhiteTitle "GM"]
[BlackTitle "IM"]
[WhiteElo "2512"]
[BlackElo "2213"]
[WhiteFideId "4121260"]
[BlackFideId "4125193"]
[EventDate "2014.07.21"]

1. e4 e5 2. Nf3 Nc6 3. d4 exd4 4. Nxd4 Qf6 5. Nxc6 Bc5 6. Qd2 dxc6 7. Nc3 Ne7 8.
Qf4 Be6 9. Qxf6 gxf6 10. Na4 Bd6 11. Be3 b6 12. a3 Rg8 13. g3 f5 14. Bd3 fxe4
15. Bxe4 Bd5 16. Nc3 Be5 17. Nxd5 cxd5 18. Bxh7 Rh8 19. Bd3 Bxb2 20. Ra2 Bc3+
21. Bd2 Bxd2+ 22. Kxd2 Rh3 23. Raa1 Kd7 24. Bf1 Rh6 25. h4 Rg8 26. h5 Kd6 27.
Be2 f5 28. Rh4 c5 29. c3 Nc6 30. Rg1 Rg5 31. f4 Rg7 32. g4 fxg4 33. Rgxg4 Rxg4
34. Rxg4 Ke6 35. Rg8 Kf5 36. Rf8+ Rf6 37. Bg4+ 1-0

[Event "Primorsky Debut 2014"]
[Site "Vladivostok RUS"]
[Date "2014.07.22"]
[Round "2.9"]
[White "Sutormin, Danila"]
[Black "Kabanov, Nikolai"]
[Result "1-0"]
[BlackTitle "GM"]
[WhiteElo "2228"]
[BlackElo "2496"]
[WhiteFideId "24108669"]
[BlackFideId "4127820"]
[EventDate "2014.07.21"]

1. e4 d6 2. d4 Nf6 3. Nc3 c6 4. f4 Qa5 5. Bd3 e5 6. Nf3 exd4 7. Nxd4 g6 8. Nb3
Qc7 9. O-O Bg7 10. Kh1 O-O 11. a4 Nbd7 12. Be3 b6 13. Be2 Re8 14. Bf3 Bb7 15.
Qd2 a6 16. Rad1 Bf8 17. g4 c5 18. Qg2 c4 19. Nd2 Nd5 20. Nxd5 Bxd5 21. Nb1 Bc6
22. Nc3 Rac8 23. g5 Qb7 24. Nd5 Bxa4 25. Bg4 Bg7 26. Bd4 Bc6 27. Bxg7 Kxg7 28.
Bxd7 Qxd7 29. Nf6 Qe6 30. Rd4 Re7 31. Qg3 h5 32. Qc3 Kf8 33. Nh7+ Kg8 34. Nf6+
Kf8 35. Nh7+ Kg8 36. Nf6+ Kf8 37. Kg1 b5 38. Nh7+ Kg8 39. Nf6+ Kf8 40. Nh7+ Kg8
41. Nf6+ Kf8 42. Rfd1 Rd8 43. Qa5 Ree8 44. Qa3 Re7 45. Rxd6 Rxd6 46. Rxd6 Qc8
47. Qc5 1-0

[Event "Primorsky Debut 2014"]
[Site "Vladivostok RUS"]
[Date "2014.07.22"]
[Round "2.10"]
[White "Muratov, Sergey"]
[Black "Vilchenko, Maxim"]
[Result "1-0"]
[WhiteTitle "FM"]
[WhiteElo "2185"]
[BlackElo "2256"]
[WhiteFideId "4131355"]
[BlackFideId "4173880"]
[EventDate "2014.07.21"]

1. d4 Nf6 2. c4 c5 3. d5 e6 4. Nc3 exd5 5. cxd5 d6 6. Nf3 g6 7. g3 Bg7 8. Bg2
O-O 9. O-O a6 10. a4 Re8 11. Nd2 Nbd7 12. h3 Rb8 13. Nc4 Ne5 14. Na3 Nh5 15. e4
Rf8 16. g4 Qh4 17. gxh5 Bxh3 18. Qe2 g5 19. Bxh3 Qxh3 20. f3 g4 21. fxg4 Nxg4
22. Nc2 Be5 23. Qg2 Bh2+ 24. Kh1 Qh4 25. Bg5 Qxh5 26. Rf3 Qxg5 27. Ne3 h5 28.
Rh3 Bf4 29. Nxg4 hxg4 30. Rg1 f6 31. Qf2 Be5 32. Ne2 gxh3 33. Qf5 Qxg1+ 34. Nxg1
Rf7 35. Nxh3 Re8 36. Nf2 Rh7+ 37. Kg2 Rg7+ 38. Ng4 Kf7 39. Kf3 Re7 40. Qh5+ Kg8
41. Nh6+ Kf8 42. Nf5 Rh7 43. Qg4 Rc7 44. a5 c4 45. Nh4 Rhg7 46. Ng6+ Rxg6 47.
Qxg6 Bxb2 48. Qh6+ Rg7 49. Qh8+ Rg8 50. Qh7 Rg7 51. Qh8+ Rg8 52. Qh3 c3 53. Qc8+
Kg7 54. Qxb7+ Kg6 55. Qc6 Rh8 56. Kg3 Rg8 57. Kf3 Rh8 58. Kg3 Rg8 59. e5 Kf5+
60. Kf3 fxe5 61. Qd7+ Kf6 62. Qxd6+ Kf7 63. Qe6+ Kf8 64. d6 e4+ 65. Kxe4 Rg7 66.
d7 1-0

[Event "Primorsky Debut 2014"]
[Site "Vladivostok RUS"]
[Date "2014.07.23"]
[Round "3.1"]
[White "Grachev, Boris"]
[Black "Deviatkin, Andrei"]
[Result "1/2-1/2"]
[WhiteTitle "GM"]
[BlackTitle "GM"]
[WhiteElo "2672"]
[BlackElo "2512"]
[WhiteFideId "4129199"]
[BlackFideId "4121260"]
[EventDate "2014.07.21"]

1. d4 d5 2. c4 c6 3. Nc3 Nf6 4. e3 e6 5. Nf3 Nbd7 6. Qc2 b6 7. Bd3 Bb7 8. O-O
Be7 9. Rd1 Qc7 10. b3 O-O 11. Bb2 Rad8 12. Rac1 Qb8 13. Ne5 g6 14. Nf3 Rfe8 15.
h3 Bf8 16. e4 dxe4 17. Nxe4 Nxe4 18. Bxe4 Bg7 19. Ne1 c5 20. Bxb7 Qxb7 21. Nf3
cxd4 22. Nxd4 a6 23. Nf3 Qc7 24. Bxg7 Kxg7 25. Qc3+ f6 26. b4 e5 27. c5 bxc5 28.
bxc5 Nf8 29. Qa3 Rxd1+ 30. Rxd1 a5 31. Rd6 Ne6 32. Ra6 Qxc5 33. Qxc5 Nxc5 34.
Rxa5 Nd3 35. Ra7+ Kh6 36. h4 Rc8 37. g4 Rc2 38. g5+ fxg5 39. Nxg5 Kh5 40. Rxh7+
Kg4 41. Rf7 Rxa2 42. Rf3 Kxh4 43. Rxd3 Kxg5 44. Rg3+ Kf5 45. Rf3+ Kg5 46. Rg3+ 1/2-1/2

[Event "Primorsky Debut 2014"]
[Site "Vladivostok RUS"]
[Date "2014.07.23"]
[Round "3.2"]
[White "Ovetchkin, Roman"]
[Black "Inarkiev, Ernesto"]
[Result "0-1"]
[WhiteTitle "GM"]
[BlackTitle "GM"]
[WhiteElo "2521"]
[BlackElo "2666"]
[WhiteFideId "4119991"]
[BlackFideId "4162722"]
[EventDate "2014.07.21"]

1. d4 Nf6 2. Nf3 g6 3. c4 Bg7 4. Nc3 d5 5. cxd5 Nxd5 6. e4 Nxc3 7. bxc3 c5 8.
Be3 Qa5 9. Qd2 O-O 10. Rc1 cxd4 11. cxd4 Qxd2+ 12. Nxd2 e6 13. Bb5 a6 14. Be2
Nc6 15. Nb3 Rd8 16. Rc4 Bd7 17. O-O Na7 18. Rc2 Bb5 19. Rfc1 Bxe2 20. Rxe2 Nb5
21. Rd2 Rac8 22. Rxc8 Rxc8 23. d5 exd5 24. exd5 Bf8 25. g3 Bb4 26. Rd3 Kf8 27.
a4 Nd6 28. Bd4 h5 29. h3 Ke7 30. Re3+ Kd7 31. Rf3 Rc4 32. g4 hxg4 33. hxg4 a5
34. Rd3 b5 35. axb5 Nxb5 36. Be5 a4 37. Nd2 Rc1+ 38. Nf1 Bc3 39. Bf4 Rb1 40. d6
a3 41. Re3 Bf6 0-1

[Event "Primorsky Debut 2014"]
[Site "Vladivostok RUS"]
[Date "2014.07.23"]
[Round "3.3"]
[White "Sutormin, Danila"]
[Black "Belous, Vladimir"]
[Result "0-1"]
[BlackTitle "GM"]
[WhiteElo "2228"]
[BlackElo "2584"]
[WhiteFideId "24108669"]
[BlackFideId "4174003"]
[EventDate "2014.07.21"]

1. e4 c5 2. Nf3 Nc6 3. d4 cxd4 4. Nxd4 e5 5. Nb5 d6 6. N1c3 a6 7. Na3 b5 8. Nd5
Nge7 9. Bd3 Nxd5 10. exd5 Nd4 11. c3 Nf5 12. Nc2 g6 13. a4 Bd7 14. Nb4 bxa4 15.
Bxa6 Qb6 16. Rxa4 Bxa4 17. Qxa4+ Ke7 18. g4 Bh6 19. Bxh6 Nxh6 20. Qc6 Rhb8 21.
h3 Rxa6 22. Nxa6 Qxc6 23. dxc6 Ra8 24. Nb4 Ra1+ 25. Kd2 Rxh1 26. Nd5+ Kd8 27. b4
Ng8 28. b5 Ne7 29. c7+ Kc8 30. Nxe7+ Kxc7 31. Nd5+ Kb7 32. Nf6 Rxh3 33. Ne8 d5
34. Nd6+ Kb6 35. Nxf7 e4 36. Ng5 Rd3+ 0-1

[Event "Primorsky Debut 2014"]
[Site "Vladivostok RUS"]
[Date "2014.07.23"]
[Round "3.4"]
[White "Muratov, Sergey"]
[Black "Bocharov, Dmitry"]
[Result "0-1"]
[WhiteTitle "FM"]
[BlackTitle "GM"]
[WhiteElo "2185"]
[BlackElo "2560"]
[WhiteFideId "4131355"]
[BlackFideId "4138716"]
[EventDate "2014.07.21"]

1. d4 Nf6 2. c4 g6 3. Nf3 Bg7 4. g3 c5 5. d5 b5 6. cxb5 Qa5+ 7. Bd2 Qxb5 8. Nc3
Qb7 9. Bg2 d6 10. O-O O-O 11. Re1 Nbd7 12. Rb1 Nb6 13. b4 Nfd7 14. e4 cxb4 15.
Rxb4 Nc5 16. Bf1 Bd7 17. Nb5 Rfc8 18. Nbd4 Rab8 19. Nb3 Qc7 20. Nxc5 Qxc5 21.
Qb1 Bc3 22. Bxc3 Qxc3 23. Rb3 Qc5 24. Bb5 Bg4 25. Qd3 Bxf3 26. Qxf3 Qd4 27. Rd1
Qe5 28. Qd3 Rc5 29. f4 Qh5 30. Re1 Rbc8 31. Bc6 e6 32. Qd1 Qxd1 33. Rxd1 exd5
34. exd5 Kg7 35. Rd2 Rc7 36. Re3 Nc4 0-1